000 00385nam a2200169Ia 4500
005 20250423094700.0
008 250422s9999 xx 000 0 und d
020 _a0- 87901- 083- 5
050 _aQA 303 .K324/
100 _aKenneth Kalmanson
245 0 _aCalculus: a practical approach
250 _a2nd
260 _bWorth
260 _c1975
300 _a429 p
942 _cBK
999 _c27975
_d27975